000 01436cam a22003857a 4500
003 CHAP
005 20220817043532.0
008 990519d1996 mx r 00010 spa d
010 _a77837
011 _a78809
020 _a9687728000
035 _a88910
040 _cCHAP
082 0 4 _a719.36
_bP5
100 0 0 _aPérez Gil Salcido, Ramón.
_989687
245 1 0 _aImportancia económica de los vertebrados silvestres de México
_c/por Ramón Pérez-Gil Salcido [y otros]
260 _aMéxico, D.F. :
_bComisión Nacional para el Conocimiento y Uso de la Biodiversidad,
_c1996.
300 _a170 p. :
_bgráfs. + 2 discos flexibles de 3.5
590 _aBATCH-UPD
_b10
_c20130110
_lUCH01
_h0501
590 _aBATCH-UPD
_b10
_c20130410
_lUCH01
_h0139
590 _aBATCH-UPD
_b10
_c20130410
_lUCH01
_h1604
590 _aBATCH-UPD
_b10
_c20130914
_lUCH01
_h0805
590 _aCONVERSION
_b10
_c20130109
_lUCH01
_h1343
650 1 4 _aCacería.
650 1 4 _aVertebrados.
_9118965
650 1 4 _aVida silvestre
_xConservación
_zMéxico.
_9119173
650 1 4 _aVida silvestre
_zMéxico.
_9119208
700 0 _aJaramillo Monroy, Fernando.
_961127
700 0 _aMuñiz Salcedo, Ana María.
_979543
901 _aBK
905 _aMayto Villalobos S.
942 _cLIBRO
949 _a719.36 P5
_bBC
_cLIBRO
_d33724000713103
_eLIBRO
_gI.193824
_h95317
_i88910
_si
_t$180.00
949 _a719.36 P5
_bBC
_cLIBRO
_d33724000713111
_eLIBRO
_fc.2
_h95318
_i88910
_si
999 _c77837
_d77837